Dibius cinta
| Main Author: | |
|---|---|
| Format: | Book |
| Published: |
Selangor :
Fajar Pakeer Sdn. Bhd ,
2011
|
| Subjects: |
MARC
| LEADER | 00000cam a2200000 7i4500 | ||
|---|---|---|---|
| 001 | 0000034833 | ||
| 005 | 20121015.0 | ||
| 008 | 121015 | ||
| 020 | |a 9673650521 | ||
| 090 | 0 | 0 | |a QAS |b MAL |
| 100 | 0 | |a Qash Irdina | |
| 245 | 1 | 0 | |a Dibius cinta |c Dyza Ainun |
| 260 | |a Selangor : |b Fajar Pakeer Sdn. Bhd , |c 2011 | ||
| 650 | 0 | |a Malay fiction |x Malay | |
| 999 | |a 0001181158 |b Book |c Adult Collection |e Perbadanan Perpustakaan Awam Johor | ||